| 000 | 01193cam a2200301 i 4500 | ||
|---|---|---|---|
| 003 | SA-RiAUC | ||
| 003 | SA_RiAUC | ||
| 005 | 20250111064533.0 | ||
| 008 | 250109s2009 jo f b 000 0 ara c | ||
| 040 |
_aOM-MuMAM _bara _cSA-RiAUC _erda |
||
| 082 | 0 | 4 |
_a251.1 _qSA-RiAUC |
| 090 |
_a251.1 _bس ل هـ |
||
| 100 | 1 |
_aسلهاط، رشيد _eمؤلف. |
|
| 245 | 1 | 2 |
_aالاستدلال الفقهي : _bدراسة تحليلية للعقل الإسلامي وميلاد عناصر علم أصول الفقه / _cرشيد سلهاط. |
| 250 | _aالطبعة الأولى. | ||
| 264 | 1 |
_aعمان، الأردن : _bدار النفائس للنشر والتوزيع، _c2009 |
|
| 300 |
_a263 صفحة ؛ _c24 × 17 سم |
||
| 336 |
_aنص _btxt _2rdacontent _3كتاب |
||
| 337 |
_aبدون وسيط _bn _2rdamedia |
||
| 338 |
_aمجلد _bnc _2rdacarrier |
||
| 500 | _aالأصل أطروحة (دكتوراه). | ||
| 504 | _aببليوجرافية : صفحة 241-247. | ||
| 563 | _aمجلد فني. | ||
| 650 | 7 |
_aالاستدلال (أصول فقه) _2aucsh |
|
| 650 | 7 |
_aأصول الفقه الإسلامي _2aucsh |
|
| 942 |
_2ddc _cBOOK _n0 |
||
| 949 |
_aSA-JeALM _d250109 _uosman123 _n1 |
||
| 999 |
_c4561 _d4561 |
||